| 000 | 00600nam a2200205 a 4500 | ||
|---|---|---|---|
| 005 | 20210223120735.0 | ||
| 008 | 991125s1977 mx 000 0 spa u | ||
| 035 | _aUPN01000006462 | ||
| 049 | _aCG | ||
| 050 | 4 |
_aHN425 _bL3.28 1997 |
|
| 100 | 1 | _aLambert, Bernard | |
| 245 | 1 | 4 |
_aLos campesinos en la lucha de clases / _cBernard Lambert ; tr. de Rubén Anaya Sarmiento. |
| 250 | _a2a ed. | ||
| 260 |
_aMéxico : _bExtemporáneos, _c1977. |
||
| 300 | _a199 p. | ||
| 440 | 0 |
_aA pleno sol ; _v12 |
|
| 650 | 4 |
_aCAMPESINOS - _zFRANCIA _95308 |
|
| 651 | 4 |
_aFRANCIA - _xCONDICIONES RURALES |
|
| 905 | _aLibro | ||
| 999 |
_c6462 _d6462 |
||